000 00464nam a2200193Ia 4500
003 LK-CoDNM
008 010623t xxu||||| |||| 00| 1 eng d
040 _aLK-CoDNM
_dLK-CoDNM
_eLK-CoDNM
041 _aeng
080 _a294.3 DHA
100 _aMahanama,P.
245 _aGuide to the Study of Theravada Buddhism
260 _bY.M.B.A.
_aColombo
300 _b117p., 21 cm
650 _aAbhidhamma
650 _aDhamma
700 _aWattegama,P.
942 _cBK
999 _c134537
_d134537